<?xml version="1.0" encoding="UTF-8"?>
<collection xmlns="http://www.loc.gov/MARC21/slim">
 <record>
  <leader>01908nam a22004937a 4500</leader>
  <controlfield tag="001">000178751</controlfield>
  <controlfield tag="003">CZ-PrVSE</controlfield>
  <controlfield tag="005">20110719160602.0</controlfield>
  <controlfield tag="007">ta</controlfield>
  <controlfield tag="008">101119s2008    xxu    fr     001 0 eng d</controlfield>
  <datafield tag="020" ind1=" " ind2=" ">
   <subfield code="a">978-0-07-328701-0</subfield>
   <subfield code="q">(brož.)</subfield>
   <subfield code="z">0-07-328701-6</subfield>
  </datafield>
  <datafield tag="040" ind1=" " ind2=" ">
   <subfield code="a">ABA006</subfield>
   <subfield code="b">cze</subfield>
   <subfield code="c">ABA006</subfield>
   <subfield code="d">ABA006</subfield>
  </datafield>
  <datafield tag="072" ind1=" " ind2="7">
   <subfield code="a">658</subfield>
   <subfield code="x">Řízení a správa podniku</subfield>
   <subfield code="2">Konspekt</subfield>
   <subfield code="9">4</subfield>
  </datafield>
  <datafield tag="072" ind1=" " ind2="9">
   <subfield code="a">658</subfield>
   <subfield code="x">General management</subfield>
   <subfield code="2">Conspectus</subfield>
   <subfield code="9">4</subfield>
  </datafield>
  <datafield tag="080" ind1=" " ind2=" ">
   <subfield code="a">347.72</subfield>
   <subfield code="2">MRF</subfield>
  </datafield>
  <datafield tag="080" ind1=" " ind2=" ">
   <subfield code="a">334.726</subfield>
   <subfield code="2">MRF</subfield>
  </datafield>
  <datafield tag="080" ind1=" " ind2=" ">
   <subfield code="a">658.14/.17</subfield>
   <subfield code="2">MRF</subfield>
  </datafield>
  <datafield tag="080" ind1=" " ind2=" ">
   <subfield code="a">658.152</subfield>
   <subfield code="2">MRF</subfield>
  </datafield>
  <datafield tag="080" ind1=" " ind2=" ">
   <subfield code="a">(075)</subfield>
   <subfield code="2">MRF</subfield>
  </datafield>
  <datafield tag="099" ind1=" " ind2="9">
   <subfield code="a">658.1KRI</subfield>
  </datafield>
  <datafield tag="100" ind1="1" ind2=" ">
   <subfield code="a">Krishnan, V. Sivarama</subfield>
   <subfield code="4">aut</subfield>
  </datafield>
  <datafield tag="245" ind1="1" ind2="0">
   <subfield code="a">Study guide for use with Brealey/Myers/Allen: Principles of corporate finance, ninth edition /</subfield>
   <subfield code="c">prepared by V. Sivarama Krishnan</subfield>
  </datafield>
  <datafield tag="260" ind1=" " ind2=" ">
   <subfield code="a">Boston :</subfield>
   <subfield code="b">Irwin/McGraw-Hill,</subfield>
   <subfield code="c">2008</subfield>
  </datafield>
  <datafield tag="300" ind1=" " ind2=" ">
   <subfield code="a">vi, 438 s.</subfield>
  </datafield>
  <datafield tag="500" ind1=" " ind2=" ">
   <subfield code="a">Obsahuje rejstřík</subfield>
  </datafield>
  <datafield tag="650" ind1="0" ind2="7">
   <subfield code="a">obchodní společnosti</subfield>
   <subfield code="7">ph115518</subfield>
   <subfield code="2">czenas</subfield>
  </datafield>
  <datafield tag="650" ind1="0" ind2="7">
   <subfield code="a">nadnárodní společnosti</subfield>
   <subfield code="7">ph115414</subfield>
   <subfield code="2">czenas</subfield>
  </datafield>
  <datafield tag="650" ind1="0" ind2="7">
   <subfield code="a">finance podniku</subfield>
   <subfield code="7">ph172935</subfield>
   <subfield code="2">czenas</subfield>
  </datafield>
  <datafield tag="650" ind1="0" ind2="7">
   <subfield code="a">finanční management</subfield>
   <subfield code="7">ph114551</subfield>
   <subfield code="2">czenas</subfield>
  </datafield>
  <datafield tag="650" ind1="0" ind2="7">
   <subfield code="a">podnikové investice</subfield>
   <subfield code="7">ph124167</subfield>
   <subfield code="2">czenas</subfield>
  </datafield>
  <datafield tag="655" ind1=" " ind2="7">
   <subfield code="a">učebnice</subfield>
   <subfield code="7">fd133770</subfield>
   <subfield code="2">czenas</subfield>
  </datafield>
  <datafield tag="650" ind1="0" ind2="9">
   <subfield code="a">corporations</subfield>
   <subfield code="2">eczenas</subfield>
  </datafield>
  <datafield tag="650" ind1="0" ind2="9">
   <subfield code="a">international business enterprises</subfield>
   <subfield code="2">eczenas</subfield>
  </datafield>
  <datafield tag="650" ind1="0" ind2="9">
   <subfield code="a">business finance</subfield>
   <subfield code="2">eczenas</subfield>
  </datafield>
  <datafield tag="650" ind1="0" ind2="9">
   <subfield code="a">financial management</subfield>
   <subfield code="2">eczenas</subfield>
  </datafield>
  <datafield tag="650" ind1="0" ind2="9">
   <subfield code="a">capital investments</subfield>
   <subfield code="2">eczenas</subfield>
  </datafield>
  <datafield tag="655" ind1=" " ind2="9">
   <subfield code="a">textbooks</subfield>
   <subfield code="2">eczenas</subfield>
  </datafield>
  <datafield tag="787" ind1="1" ind2="8">
   <subfield code="a">Brealey, Richard A.</subfield>
   <subfield code="b">9th ed.</subfield>
   <subfield code="t">Principles of corporate finance</subfield>
  </datafield>
  <datafield tag="787" ind1="1" ind2="8">
   <subfield code="a">Myers, Stewart C.</subfield>
   <subfield code="b">9th ed.</subfield>
   <subfield code="t">Principles of corporate finance</subfield>
  </datafield>
  <datafield tag="787" ind1="1" ind2="8">
   <subfield code="a">Allen, Franklin</subfield>
   <subfield code="b">9th ed.</subfield>
   <subfield code="t">Principles of corporate finance</subfield>
  </datafield>
  <datafield tag="993" ind1=" " ind2=" ">
   <subfield code="x">NEPOSILAT</subfield>
   <subfield code="y">BEZJEDNOTEK</subfield>
  </datafield>
  <datafield tag="996" ind1=" " ind2=" ">
   <subfield code="1">PKBP</subfield>
   <subfield code="3">E45813</subfield>
   <subfield code="4">N:P</subfield>
   <subfield code="5">3142243340</subfield>
   <subfield code="8">20101119</subfield>
   <subfield code="9">658.1KRI</subfield>
   <subfield code="f">83</subfield>
   <subfield code="g">25940</subfield>
   <subfield code="l">UEP01</subfield>
   <subfield code="m">BOOK</subfield>
   <subfield code="p">MI</subfield>
   <subfield code="q">KBP</subfield>
   <subfield code="t">na dislokovaném</subfield>
   <subfield code="u">UEP01</subfield>
   <subfield code="v">Ztráta</subfield>
   <subfield code="w">20110120</subfield>
  </datafield>
 </record>
</collection>
